Kỹ thuật chăn nuôi heo
Sách trình bày tóm tắt, đầy đủ tất cả những vấn đề có liên quan đến nuôi heo.
Guardado en:
| Autor principal: | |
|---|---|
| Formato: | Libro |
| Lenguaje: | Undetermined |
| Publicado: |
Hà Nội
Tp.HCM
2000
|
| Materias: | |
| Etiquetas: |
Agregar Etiqueta
Sin Etiquetas, Sea el primero en etiquetar este registro!
|
| Thư viện lưu trữ: | Trung tâm Học liệu Trường Đại học Cần Thơ |
|---|
| LEADER | 00654nam a2200193Ia 4500 | ||
|---|---|---|---|
| 001 | CTU_37041 | ||
| 008 | 210402s9999 xx 000 0 und d | ||
| 082 | |a 636.4 | ||
| 082 | |b T502 | ||
| 100 | |a Nguyễn, Ngọc Tuân | ||
| 245 | 0 | |a Kỹ thuật chăn nuôi heo | |
| 245 | 0 | |c Nguyễn Ngọc Tuân, Trần Thị Dân | |
| 260 | |a Hà Nội | ||
| 260 | |b Tp.HCM | ||
| 260 | |c 2000 | ||
| 520 | |a Sách trình bày tóm tắt, đầy đủ tất cả những vấn đề có liên quan đến nuôi heo. | ||
| 650 | |a Swine | ||
| 650 | |x Feeding and feeds | ||
| 980 | |a Trung tâm Học liệu Trường Đại học Cần Thơ | ||